Die bekanntesten Transferströme zwischen Bayern und Schalke - Statistiken

Allgemein
  • Dieses Quiz wurde 185 mal gespielt
  • Das Durchschnittsergebnis liegt bei 6 aus 11
Antwortstatistiken
Saison Abgebender Verein Aufnehmender Verein Position Ablöse in € Spielername % Korrekt
2011/2012 Schalke Bayern Torwart 30.000.000 Neuer
98%
2018/2019 Schalke Bayern Zentrales MF ablösefrei Goretzka
92%
2020/2021 Schalke Bayern Torwart ablösefrei Nübel
86%
2018/2019 Bayern Schalke Defensives MF 16.000.000 Rudy
82%
2016/2017 Bayern Schalke Innenverteidiger Leihe Badstuber
51%
1994/1995 Bayern Schalke Zentrales MF 1.250.000 Thon
39%
2007/2008 Schalke Bayern Rechtes MF ablösefrei Altintop
33%
2013/2014 Bayern Schalke Defensives MF/IV Leihe 500.000 Kirchhoff
32%
2015/2016 Bayern Schalke Defensives MF Leihe 1.000.000 Hojberg
27%
2009/2010 Bayern Schalke Offensives MF 1.000.000 Baumjohann
26%
1998/1999 Schalke Bayern Innenverteidiger ablösefrei Linke
18%
Keine übereinstimmenden Quizze gefunden
Verteilung der Resultate
Anzahl Personen mit jedem Resultat
Perzentil nach korrekt beantworteten Fragen
Ihre Resultats-Entwicklung
Sie haben dieses Quiz noch nicht gespielt